The politics of violence ; revolution in the modern world /

Bibliographic Details
Main Author: Leiden, Carl
Other Authors: Schmitt, Karl Michael, 1922-
Format: Book
Language:English
Published: Englewood Cliffs, N.J. : Prentice-Hall, [1968]
Series:A Spectrum book
Subjects:

MARC

Tag First Indicator Second Indicator Subfields
LEADER 00000cam a22000001 4500
001 in00000070258
005 20151008061650.0
008 700901s1968 nju b 00010 eng
010 |a  68014469  
035 |a (OCoLC)00438409 
035 |9 AAJ8553AM 
040 |a DLC  |c DLC  |d m.c.  |d TXA  |d UtOrBLW 
049 |a TXAM  |c 1 [480746], 2 [1502813] 
050 0 0 |a JC491  |b .L36 
082 0 |a 321/.09 
100 1 |a Leiden, Carl. 
245 1 4 |a The politics of violence ;  |b revolution in the modern world /  |c edited by Carl Leiden and Karl M. Schmitt. 
264 1 |a Englewood Cliffs, N.J. :  |b Prentice-Hall,  |c [1968] 
300 |a x, 244 pages ;  |c 21 cm. 
336 |a text  |b txt  |2 rdacontent 
337 |a unmediated  |b n  |2 rdamedia 
338 |a volume  |b nc  |2 rdacarrier 
490 0 |a A Spectrum book 
504 |a Includes bibliographical references. 
650 0 |a Revolutions. 
650 0 |a Revolutions  |v Case studies. 
700 1 |a Schmitt, Karl Michael,  |d 1922- 
999 |a MARS 
999 f f |s 6fe85964-0cc5-3ba3-a6b4-27c848f53fdd  |i d84731fc-05d0-398c-8665-1cb5c32472f6  |t 0 
952 f f |p ric  |a Texas A&M University  |b Rellis Campus  |c Joint Library Facility  |d Remote Storage  |t 0  |e JC491 .L36  |h Library of Congress classification  |i unmediated -- volume  |m A14803078368 
998 f f |a JC491 .L36  |t 0  |l Remote Storage